000
00271nam a22001217a 4500
008
170525b xxu||||| |||| 00| 0 eng d
041
_a
eng
080
_a
62
100
_a
26
101
_a
IM
245
_a
ADVANCED ENGINEERING MATHEMATICS
_c
KREYSZIG, E
942
_2
udc
_c
BK
999
_c
14269
_d
14269